000 00601nam a2200169 i 4500
001 134122
003 ES-MaACL
005 20230906194614.0
007 t|
008 070905s1911 fr ||||1| fre d
100 1 _aWeston, Franck E.
_9116577
245 1 0 _aManuel pratique d'analyse organique
_b: methodes d'analyse pour la determination des principales fonctions des composés du carbone /
_cde Franck E. Weston ; traduite par P. R. Jourdain.
260 _aParis :
_bH. Dunod,
_c1911.
300 _aVI, 112 p. :
_bil. ;
_c21 cm.
700 1 _aJourdain, P. R.
_967027
852 _aES-MaACL
_jD-2879
999 _c134122
_d134122